Bioindicators and environmental management
Αποθηκεύτηκε σε:
| Συγγραφή απο Οργανισμό/Αρχή: | |
|---|---|
| Άλλοι συγγραφείς: | , |
| Μορφή: | Πρακτικό Συνεδρίου Βιβλίο |
| Γλώσσα: | English |
| Δημοσίευση: |
London : San Diego :
Academic Press,
c1991
|
| Θέματα: | |
| Ετικέτες: |
Προσθήκη ετικέτας
Δεν υπάρχουν, Καταχωρήστε ετικέτα πρώτοι!
|
MARC
| LEADER | 00000nam a2200000 i 4500 | ||
|---|---|---|---|
| 001 | 1/69852 | ||
| 008 | 981111s1991 eng d | ||
| 020 | |a 0123825903 | ||
| 035 | |l 10030478 | ||
| 040 | |a GR-MY-UA |b gre |e aacr | ||
| 041 | 0 | |a eng | |
| 082 | 0 | |a 363.7 | |
| 245 | 1 | 0 | |a Bioindicators and environmental management / |c edited by D. W. Jeffrey and B. Madden |
| 260 | |a London : |a San Diego : |b Academic Press, |c c1991 | ||
| 300 | |a xiii, 458 p.; |b ill., maps; |c 24 cm. | ||
| 500 | |a "This volume contains material presented at the 6th International Bioindicators Symposium held in Trinity College, Dublin, 23-28th September 1990"--Introd | ||
| 504 | |a Includes bibliographical references and index | ||
| 650 | 0 | 0 | |a Indicators (Biology) |x Congresses. |
| 650 | 0 | 0 | |a Environmental monitoring |x Congresses. |
| 700 | 1 | |a Madden, Bob. |4 edt | |
| 700 | 1 | |a Jeffrey, D. W. |4 edt | |
| 711 | 2 | |a International Bioindicators Symposium |n (6th : |d 1990 |c : Dublin) | |
| 852 | |a INST |b LESVOS |e 19981111 |h 363.7 BIO |p 005100021523 |q 005100021523 |t BK |y 0 | ||
| 901 | |a BIBL1-2000-2 | ||
| 909 | |a Λ |b 059768 | ||
| 922 | |a 1ΕΛΗ |b 199810 |c ΚΠΣ/ΤΠ |d ΠΑΠΑΣΩΤΗΡΙΟΥ | ||
| 950 | |a 107-1998-07-09 | ||
| 970 | |z 2000/05/ΜΙΧΑΗΛΙΔΟΥ ΑΝΝΑ | ||